Statistics for People by Picture - A

Click here to take the quiz!

General Stats

  • This quiz has been taken 245 times
  • The average score is 13 of 18

Answer Stats

Answer % Correct
Abraham Lincoln
98%
Albert Einstein
98%
Adolf Hitler
95%
Arnold Schwarzenegger
94%
Adele
93%
Angelina Jolie
85%
Amy Winehouse
84%
Amelia Earhart
76%
Alfred Hitchcock
72%
Aristotle
71%
Aretha Franklin
71%
Ariana Grande
69%
Alan Rickman
57%
Adam Lambert
47%
Anna Kendrick
44%
Amanda Seyfried
40%
Alan Turing
32%
Agatha Christie
32%

Score Distribution

Percentile by Number Answered

Percent of People with Each Score

Your Score History

You have not taken this quiz